The body of color / (Record no. 997)

MARC details
000 -LEADER
campo de control de longitud fija 01742nam a22003017a 4500
008 - DATOS DE LONGITUD FIJA--INFORMACIÓN GENERAL
campo de control de longitud fija 160803s2007 xxu||||| |||| 00| 0 eng d
020 ## - NÚMERO INTERNACIONAL ESTÁNDAR DEL LIBRO
Número Internacional Estándar del Libro 978089090
082 04 - NÚMERO DE LA CLASIFICACIÓN DECIMAL DEWEY
Número de clasificación 708
Número de ítem O881b
100 ## - ENTRADA PRINCIPAL--NOMBRE DE PERSONA
Nombre de persona Oiticica, Hélio.
9 (RLIN) 5372
245 14 - MENCIÓN DEL TÍTULO
Título The body of color /
Mención de responsabilidad, etc. Hélio Oiticica ; curado por Mari Carmen Ramírez ; textos por Luciano Figueiredo y Wynne H. Phelan ; The Museum of Fine Arts.
250 ## - MENCION DE EDICION
Mención de edición 1a ed.
260 ## - PUBLICACIÓN, DISTRIBUCIÓN, ETC.
Lugar de publicación, distribución, etc. Houston, Estados Unidos :
Nombre del editor, distribuidor, etc. The Museum of Fine Arts,
Fecha de publicación, distribución, etc. 2007.
300 ## - DESCRIPCIÓN FÍSICA
Extensión 416 p.
Otras características físicas il. col.
500 ## - NOTA GENERAL
Nota general Catálogo publicado en conjunto con la exhibición "Hélio Oiticica: The Body of Color", organizada por The Museum of Fine Arts en Huston, del 10 de diciembre dek 2006 al 1 de abril del 2007, con colaboración de Projeto Hélio Oiticica y avalado por el Ministerio de Cultura de Brasil.
505 0# - NOTA DE CONTENIDO CON FORMATO
Título Forewords.
-- Sponsor's statement.
-- Hélio double-edged challenge
Mención de responsabilidad Mari Carmen Ramírez.
Título The embodiment of color- "From the inside out"
Mención de responsabilidad Mari Carmen Ramírez.
Título To bestow a sense of light: Hélio Oiticica's experimental process
Mención de responsabilidad Wynne H. Phelan.
Título "The world is the museum": appropriation and transformation in the work of Hélio Oiticica
Mención de responsabilidad Luciano Figueiredo.
Título Living documents and works: Oiticica's ideas on color.
-- Chronology.
-- Checklist of the exhibition.
-- Index.
-- Acknowledgments.
653 10 - TÉRMINO DE INDIZACIÓN--NO CONTROLADO
Término no controlado Arte contemporáneo
653 10 - TÉRMINO DE INDIZACIÓN--NO CONTROLADO
Término no controlado Exhibiciones
653 10 - TÉRMINO DE INDIZACIÓN--NO CONTROLADO
Término no controlado Catálogo de exhibición
653 10 - TÉRMINO DE INDIZACIÓN--NO CONTROLADO
Término no controlado Instalaciones
653 10 - TÉRMINO DE INDIZACIÓN--NO CONTROLADO
Término no controlado Arte - Brasil
653 10 - TÉRMINO DE INDIZACIÓN--NO CONTROLADO
Término no controlado Arte - Siglo XX
653 10 - TÉRMINO DE INDIZACIÓN--NO CONTROLADO
Término no controlado Troipicalismo
653 10 - TÉRMINO DE INDIZACIÓN--NO CONTROLADO
Término no controlado Neoconcretismo
700 1# - ENTRADA AGREGADA--NOMBRE PERSONAL
Nombre de persona Figueiredo, Luciano.
9 (RLIN) 5373
700 1# - ENTRADA AGREGADA--NOMBRE PERSONAL
Nombre de persona Phelan, Wynne H.
9 (RLIN) 5374
700 1# - ENTRADA AGREGADA--NOMBRE PERSONAL
Nombre de persona Ramírez, Mari Carmen.
Término indicativo de función/relación curadora.
9 (RLIN) 1764
710 1# - ENTRADA AGREGADA--NOMBRE DE ENTIDAD CORPORATIVA
Nombre de entidad corporativa o nombre de jurisdicción como elemento de entrada The Museum of Fine Arts.
9 (RLIN) 5375
Holdings
Estatus retirado Estado de pérdida Fuente del sistema de clasificación o colocación Estado de daño No para préstamo Biblioteca de origen Biblioteca actual Ubicación en estantería Fecha de adquisición Total de préstamos Signatura topográfica completa Código de barras Visto por última vez Precio de reemplazo Tipo de ítem Koha
    Clasificación Decimal Dewey     Biblioteca LadoV Biblioteca LadoV   03/08/2016   708 O881b 004211 03/08/2016 03/08/2016 Material 01